Catálogo de los retratos de personajes españoles que se conservan en la Sección de Estampas y de Bellas Artes de la Biblioteca Nacional / (Record no. 29535)

MARC details
000 -LEADER
campo de control de longitud fija 01126nam a2200253 i 4500
001 - NÚMERO DE CONTROL
campo de control 29535
003 - IDENTIFICADOR DE NÚMERO DE CONTROL
campo de control ES-MaACL
005 - FECHA Y HORA DE LA ÚLTIMA TRANSACCIÓN
campo de control 20240524162352.0
007 - CAMPO FIJO DE DESCRIPCIÓN FÍSICA--INFORMACIÓN GENERAL
campo de control de longitud fija t|
008 - DATOS DE LONGITUD FIJA--INFORMACIÓN GENERAL
campo de control de longitud fija 030122s1901 sp ac c |||| | spa d
110 2# - ENTRADA PRINCIPAL--NOMBRE DE ENTIDAD CORPORATIVA
Nombre de entidad corporativa o nombre de jurisdicción como elemento de entrada Biblioteca Nacional (España)
9 (RLIN) 2188
245 10 - MENCIÓN DEL TÍTULO
Título Catálogo de los retratos de personajes españoles que se conservan en la Sección de Estampas y de Bellas Artes de la Biblioteca Nacional /
Mención de responsabilidad, etc. por el encargado de la Sección, Ángel M. de Barcia.
260 ## - PUBLICACIÓN, DISTRIBUCIÓN, ETC.
Lugar de publicación, distribución, etc. Madrid :
Nombre del editor, distribuidor, etc. [s.n.],
Fecha de publicación, distribución, etc. 1901 (
Fabricante Estab. Tip. de la Viuda e Hijos de M. Tello)
300 ## - DESCRIPCIÓN FÍSICA
Extensión 897 p. ;
Dimensiones 25 cm.
530 ## - NOTA DISPONIBLE DE FORMULARIO FÍSICO ADICIONAL
Nota de formato físico adicional disponible Disponible en formato digital.
610 24 - PUNTO DE ACCESO ADICIONAL DE MATERIA--NOMBRE DE ENTIDAD CORPORATIVA
Nombre de entidad corporativa o nombre de jurisdicción como elemento de entrada Biblioteca Nacional (España)-
Subdivisión de forma Catálogos
9 (RLIN) 2189
650 #4 - PUNTO DE ACCESO ADICIONAL DE MATERIA--TÉRMINO DE MATERIA
Término de materia o nombre geográfico como elemento de entrada Españoles-
Subdivisión general Retratos.
9 (RLIN) 143788
700 1# - ENTRADA AGREGADA--NOMBRE PERSONAL
Nombre de persona Barcia y Pavón, Ángel María.
9 (RLIN) 148714
710 2# - ENTRADA AGREGADA--NOMBRE DE ENTIDAD CORPORATIVA
Nombre de entidad corporativa o nombre de jurisdicción como elemento de entrada Biblioteca Nacional (España).
Unidad subordinada Sección de Estampas.
9 (RLIN) 2196
852 4# - LOCALIZACIÓN
Ubicación ES-MaACL
Número de control de estantería C-2375
856 4# - LOCALIZACIÓN Y ACCESO ELECTRÓNICOS
Identificador Uniforme de Recursos <a href="http://bdh-rd.bne.es/viewer.vm?id=0000232364&page=1 ">http://bdh-rd.bne.es/viewer.vm?id=0000232364&page=1 </a>
Nota pública Biblioteca Digital Hispánica
856 4# - LOCALIZACIÓN Y ACCESO ELECTRÓNICOS
Identificador Uniforme de Recursos <a href="http://www.archive.org/details/catalogodelosret00madruoft ">http://www.archive.org/details/catalogodelosret00madruoft </a>
Nota pública Internet Archive
Holdings
Estatus retirado Estado de pérdida Estado de daño No para préstamo Colección Biblioteca de origen Biblioteca actual Ubicación en estantería Fecha de adquisición Fuente de adquisición Total de préstamos Signatura topográfica completa Código de barras Visto por última vez Precio de reemplazo Tipo de ítem Koha
        Colección digital Biblioteca del Ateneo de Madrid Biblioteca del Ateneo de Madrid Sala Palomar 17/01/2008     C-2375 1030491 23/02/2023 23/02/2023 Libro impreso antiguo